[Event "East Lansing (Class DE/1/14)"]
[Site "?"]
[Date "1995.??.??"]
[Round "?"]
[White "Fowler, B."]
[Black "Timberlake, B."]
[Result "1-0"]
[WhiteElo "1605"]
[BlackElo "1605"]
[PlyCount "63"]
[EventDate "1995.??.??"]

{1/(14)} 1. d4 e6 2. c4 Nf6 3. g3 c5 4. Nf3 d6 5. dxc5 Qa5+ 6. Nbd2 Qxc5 7. Qc2
Ng4 8. e3 e5 9. Bg2 g6 10. Ne4 Bf5 11. Nxc5 Bxc2 12. Nxb7 e4 13. Nd4 Nf6 14.
Nxc2 Nbd7 15. O-O Ne5 16. b3 Nd3 17. Ba3 Rb8 18. Nxd6+ Bxd6 19. Bxd6 Rd8 20. c5
Ng4 21. Bxe4 Ndxf2 22. Rxf2 Nxf2 23. Bc6+ Rd7 24. Bxd7+ Kxd7 25. Kxf2 Re8 26.
Nd4 h5 27. h4 f5 28. b4 a6 29. Bf4 Re4 30. a3 Rxd4 31. exd4 Kc6 32. Rc1 1-0

[Event "Grand Rapids (MI Am/2/19)"]
[Site "?"]
[Date "1995.??.??"]
[Round "?"]
[White "Fowler, B."]
[Black "Pagel, R."]
[Result "1-0"]
[WhiteElo "1605"]
[BlackElo "1735"]
[PlyCount "69"]
[EventDate "1995.??.??"]

{2/(19)} 1. d4 f5 2. Nf3 e6 3. c3 Nf6 4. Bg5 Be7 5. Nbd2 d6 6. e3 O-O 7. h3
Nbd7 8. Bd3 b6 9. Qb3 d5 10. Bxf6 Nxf6 11. Ne5 Bb7 12. O-O c5 13. Qc2 Rc8 14.
Rae1 c4 15. Be2 Ne4 16. Nxe4 fxe4 17. Bg4 Qd6 18. Qa4 a6 19. Qd7 Qxd7 20. Nxd7
Rfd8 21. Bxe6+ Kh8 22. Ne5 Rf8 23. Nf7+ Rxf7 24. Bxf7 g6 25. Be6 Rf8 26. f3 Rf6
27. Bd7 b5 28. fxe4 dxe4 29. Rxf6 Bxf6 30. Rf1 Kg7 31. g4 h6 32. Be6 g5 33. Rf5
Kg6 34. Rc5 Bd8 35. Bd5 1-0

[Event "East Lansing (Class DE/5/6)"]
[Site "?"]
[Date "1995.??.??"]
[Round "?"]
[White "Fowler, B."]
[Black "Kenworthy, Matt"]
[Result "1-0"]
[WhiteElo "1605"]
[BlackElo "1605"]
[PlyCount "63"]
[EventDate "1995.??.??"]

{5/(6)} 1. d4 d5 2. e4 dxe4 3. Nc3 Nf6 4. f3 exf3 5. Nxf3 Bg4 6. h3 Bxf3 7.
Qxf3 Nc6 8. Bb5 e6 9. Bg5 Be7 10. Bxc6+ bxc6 11. Qxc6+ Nd7 12. Bxe7 Kxe7 13.
O-O-O a6 14. Rhe1 Re8 15. Nd5+ Kf8 16. Nxc7 Rc8 17. Qd6+ Re7 18. Nxa6 Qa5 19.
Kb1 Rc4 20. a3 Qf5 21. Nb4 f6 22. Rd2 Kf7 23. Nc6 Rxc6 24. Qxc6 e5 25. Rde2 Ke8
26. Qc8+ Kf7 27. dxe5 Re8 28. e6+ Kf8 29. Qxd7 Re7 30. Qc8+ Re8 31. e7+ Kf7 32.
Qxf5 1-0

[Event "East Lansing (Class DE/3/10)"]
[Site "?"]
[Date "1995.??.??"]
[Round "?"]
[White "Fowler, B."]
[Black "Dumas, Steve"]
[Result "1-0"]
[WhiteElo "1605"]
[BlackElo "1605"]
[PlyCount "51"]
[EventDate "1995.??.??"]

{3/(10)} 1. d4 Nf6 2. c4 g6 3. Nc3 Bg7 4. e4 d6 5. Be2 O-O 6. Be3 b6 7. Qd2 Re8
8. h4 h5 9. O-O-O Nbd7 10. Nh3 c5 11. d5 Ba6 12. a4 Ne5 13. b3 e6 14. Bg5 exd5
15. Nxd5 Bb7 16. Bh6 Bh8 17. f3 Bxd5 18. exd5 Nfd7 19. Nf2 a6 20. g4 f6 21.
gxh5 gxh5 22. Qc2 Nf8 23. Rhg1+ Kf7 24. Bxf8 Rxf8 25. f4 Nd7 26. Qh7+ 1-0

[Event "Grand Rapids (MI Am/5/15)"]
[Site "?"]
[Date "1995.??.??"]
[Round "?"]
[White "Fowler, B."]
[Black "Blanchard, Robert"]
[Result "1/2-1/2"]
[WhiteElo "1605"]
[BlackElo "1645"]
[PlyCount "105"]
[EventDate "1995.??.??"]

{5/(15)} 1. d4 Nf6 2. Bg5 d6 3. Nf3 Nbd7 4. Nbd2 g6 5. c3 Bg7 6. h3 O-O 7. e3
e5 8. Bc4 c6 9. O-O Qe7 10. e4 b5 11. Bb3 a5 12. Re1 a4 13. Bc2 c5 14. Rc1 Nb6
15. Qe2 Bd7 16. d5 Rfc8 17. Bd3 Qe8 18. a3 Rab8 19. Nf1 h6 20. Be3 c4 21. Bc2
Qe7 22. N3h2 Nh5 23. Qd2 Kh7 24. g4 Nf6 25. Ng3 Ng8 26. Rf1 Rf8 27. f3 Nc8 28.
Kg2 Qd8 29. Rb1 Nce7 30. Ne2 f5 31. Rbd1 Nf6 32. Bf2 Qc8 33. Ng1 fxe4 34. fxe4
g5 35. Bg3 Ng6 36. Rde1 Rf7 37. Rf2 Qc7 38. Ref1 Rbf8 39. Qe1 Qd8 40. Rf3 Qe7
41. Ne2 h5 42. gxh5 Nxh5 43. Rxf7 Rxf7 44. Rxf7 Qxf7 45. Qf2 Nhf4+ 46. Nxf4
Nxf4+ 47. Bxf4 gxf4 48. Qh4+ Kg8 49. Qd8+ Bf8 50. Qg5+ Qg7 51. Qxg7+ Kxg7 52.
Bd1 Kg6 53. Nf3 1/2-1/2

[Event "Grand Rapids (MI Am/4/9)"]
[Site "?"]
[Date "1995.??.??"]
[Round "?"]
[White "Fowler, B."]
[Black "Aldrich, Jeff"]
[Result "0-1"]
[WhiteElo "1605"]
[BlackElo "1935"]
[PlyCount "72"]
[EventDate "1995.??.??"]

{4/(9)} 1. d4 d5 2. Nf3 Nf6 3. Bg5 e6 4. e3 a6 5. h3 c5 6. c3 Nc6 7. Nbd2 h6 8.
Bh4 Bd6 9. Be2 g5 10. dxc5 Bb8 11. Bg3 Bxg3 12. fxg3 Qc7 13. Kf2 g4 14. Nh4 Ne5
15. b4 Rg8 16. Rg1 Bd7 17. Qc2 Bb5 18. Bxb5+ axb5 19. a4 Nh5 20. Nf1 Nc4 21.
Qh7 Ke7 22. Qxh6 Qe5 23. hxg4 Nf6 24. Qf4 Nxg4+ 25. Ke2 Qxc3 26. Rd1 Rxa4 27.
Qc7+ Kf8 28. Qd8+ Kg7 29. Qg5+ Kh7 30. Qh5+ Nh6 31. Nf3 Ra2+ 32. N3d2 Rxg3 33.
Rh1 Rxd2+ 34. Rxd2 Rxe3+ 35. Kd1 Nb2+ 36. Rxb2 Re1# 0-1

[Event "Jackson (Prison m)"]
[Site "?"]
[Date "1995.??.??"]
[Round "?"]
[White "Foster, E."]
[Black "Evans Sr., Thomas"]
[Result "1-0"]
[WhiteElo "1605"]
[BlackElo "1915"]
[PlyCount "120"]
[EventDate "1995.??.??"]

1. e4 e6 2. d4 d5 3. e5 c5 4. c3 cxd4 5. cxd4 Bb4+ 6. Nc3 Ne7 7. Nf3 Nbc6 8.
Bb5 Qa5 9. Bxc6+ bxc6 10. Bd2 Ba6 11. a3 Bxc3 12. Bxc3 Qc7 13. Bb4 O-O 14. Qc2
Rfc8 15. Nd2 Nf5 16. Nb3 Bc4 17. Bc5 Qd8 18. Nd2 Qg5 19. Nxc4 Qxg2 20. O-O-O
dxc4 21. Rdg1 Qd5 22. Qd2 Rd8 23. Rd1 Rd7 24. Rhg1 Rad8 25. Rg4 Qf3 26. Rdg1 g6
27. h4 Nxd4 28. Rxd4 Rxd4 29. Bxd4 c5 30. Qe3 Qc6 31. Bc3 Rd3 32. Qg5 Rf3 33.
h5 Rf5 34. Qd8+ Kg7 35. hxg6 hxg6 36. Qh4 Qf3 37. Rh1 Rh5 38. Qf6+ Qxf6 39.
exf6+ Kh6 40. Rxh5+ gxh5 41. Kd1 Kg5 42. Ke1 Kf5 43. Kf1 e5 44. Kg2 Kxf6 45.
Kg3 Kf5 46. Kh4 Kf4 47. Bd2+ Kf3 48. Be3 f5 49. Bxc5 a6 50. Kxh5 e4 51. Kg5 f4
52. Kf5 e3 53. fxe3 fxe3 54. Bb4 e2 55. Ke5 Ke3 56. Kd6 Kd3 57. Kc5 Kc2 58. Bc3
Kb3 59. Kb6 e1=Q 60. Bxe1 Kxb2 1-0

[Event "East Lansing (Beg/3/8)"]
[Site "?"]
[Date "1995.??.??"]
[Round "?"]
[White "Fortino, M."]
[Black "Kaidar, C."]
[Result "0-1"]
[WhiteElo "1605"]
[BlackElo "1605"]
[PlyCount "50"]
[EventDate "1995.??.??"]

{3/(8)} 1. e4 e5 2. Nf3 Nc6 3. Bb5 Nge7 4. O-O a6 5. Bxc6 Nxc6 6. d3 Bc5 7. Nc3
O-O 8. Qd2 d6 9. Nd5 Ne7 10. Nc3 b5 11. Qg5 Ng6 12. Qg3 f5 13. exf5 Bxf5 14.
Ng5 h6 15. Nf3 Nf4 16. Bxf4 exf4 17. Qxf4 Bxd3 18. cxd3 Rxf4 19. Nd5 Rxf3 20.
gxf3 Qg5+ 21. Kh1 Qxd5 22. Rfd1 Qxf3+ 23. Kg1 Bxf2+ 24. Kf1 Be3+ 25. Ke1 Qf2#
0-1

[Event "East Lansing (Beg/1/7)"]
[Site "?"]
[Date "1995.??.??"]
[Round "?"]
[White "Fortino, M."]
[Black "Crist, Kevin"]
[Result "0-1"]
[WhiteElo "1605"]
[BlackElo "1605"]
[PlyCount "60"]
[EventDate "1995.??.??"]

{1/(7)} 1. e4 Nf6 2. Nc3 e5 3. Nf3 d6 4. Be2 Be7 5. O-O Bg4 6. d3 Bxf3 7. Bxf3
Nc6 8. Qd2 O-O 9. Nb5 Re8 10. Qc3 Nd4 11. Nxc7 Nxf3+ 12. gxf3 Rc8 13. Qa5 Rxc7
14. Be3 b6 15. Qa6 Rxc2 16. Qxa7 Nd7 17. d4 Rxb2 18. dxe5 Nxe5 19. Bd4 Nxf3+
20. Kg2 Nxd4 21. Rfc1 Bh4 22. Rf1 Qg5+ 23. Kh1 g6 24. Rg1 Qf4 25. Rac1 Nf3 26.
Rg2 Rxf2 27. Qd7 Rxe4 28. Rc8+ Kg7 29. Qc7 Re1+ 30. Rg1 Rxg1# 0-1

[Event "Eastpointe (MCO/5/11)"]
[Site "?"]
[Date "1995.??.??"]
[Round "?"]
[White "Forte, Joe"]
[Black "Harris, T."]
[Result "0-1"]
[WhiteElo "1915"]
[BlackElo "2060"]
[PlyCount "62"]
[EventDate "1995.??.??"]

{5/(11)} 1. d4 d5 2. c4 dxc4 3. Nc3 e5 4. d5 Nf6 5. e4 c6 6. Bg5 Be7 7. Nf3
cxd5 8. exd5 O-O 9. Bxc4 e4 10. Nd4 Nbd7 11. Bb3 Nc5 12. Bc2 Nxd5 13. Bxe7 Nxe7
14. O-O f5 15. Re1 Ng6 16. f3 Nd3 17. Bxd3 Qxd4+ 18. Kh1 exd3 19. Nb5 Qd8 20.
Re3 Qb6 21. Qb3+ Kh8 22. Qxd3 Bd7 23. Nd6 Bc6 24. Rd1 Nf4 25. Qc3 Nd5 26. Rxd5
Bxd5 27. Re7 Rg8 28. Qe5 Qc6 29. h3 Rad8 30. Nxf5 Qf6 31. Qf4 Be6 0-1

[Event "Eastpointe (MCO/3/6)"]
[Site "?"]
[Date "1995.??.??"]
[Round "?"]
[White "Forte, Joe"]
[Black "Everett, Morgan"]
[Result "1/2-1/2"]
[WhiteElo "1915"]
[BlackElo "2140"]
[PlyCount "124"]
[EventDate "1995.??.??"]

{3/(6)} 1. d4 Nf6 2. c4 c5 3. d5 e6 4. Nc3 exd5 5. cxd5 d6 6. e4 g6 7. Bd3 Bg7
8. Nge2 O-O 9. f3 a6 10. a4 Nbd7 11. Bf4 Qe7 12. O-O Nh5 13. Bc1 Ne5 14. Bc2
Rb8 15. Nf4 Nxf4 16. Bxf4 Nc4 17. Qc1 b5 18. axb5 axb5 19. Nd1 Bd4+ 20. Kh1 Bb7
21. Bh6 Rfc8 22. b3 Nb6 23. Rb1 Ba6 24. Be3 b4 25. Bxd4 cxd4 26. Rf2 d3 27. Ra1
Qb7 28. Ne3 dxc2 29. Ng4 Ra8 30. Qh6 c1=Q+ 31. Rxc1 Rxc1+ 32. Qxc1 Nd7 33. Qb2
Rc8 34. Nh6+ Kf8 35. Qh8+ Ke7 36. Ng8+ Kd8 37. Nf6+ Kc7 38. Rc2+ Kb8 39. Rxc8+
Qxc8 40. Nxd7+ Kc7 41. Qxc8+ Kxc8 42. Nb6+ Kc7 43. Na4 Bb5 44. Nb2 Kb6 45. Kg1
Kc5 46. Kf2 Kd4 47. Ke1 Kc3 48. Nd1+ Kxb3 49. Kd2 Kc4 50. Ne3+ Kd4 51. Nc2+ Kc5
52. Ne3 Ba4 53. Kd3 Bb3 54. g3 Ba4 55. Ng4 Bd1 56. Nf6 Bxf3 57. Nxh7 b3 58. Ng5
b2 59. Kc2 Bg2 60. Kxb2 f6 61. Nh7 Bxe4 62. Nxf6 Bxd5 1/2-1/2

[Event "Eastpointe (MCO/1/19)"]
[Site "?"]
[Date "1995.??.??"]
[Round "?"]
[White "Forte, Joe"]
[Black "Cooper, A."]
[Result "1-0"]
[WhiteElo "1915"]
[BlackElo "1605"]
[PlyCount "49"]
[EventDate "1995.??.??"]

{1/(19)} 1. d4 Nf6 2. c4 c5 3. d5 b5 4. cxb5 a6 5. Nc3 d6 6. e4 Nbd7 7. f4 Nb6
8. Nf3 g6 9. bxa6 Bxa6 10. Bxa6 Rxa6 11. O-O Bg7 12. Qe2 c4 13. Be3 O-O 14. Nd4
Re8 15. Nc6 Qd7 16. Nb4 Rea8 17. Nxa6 Rxa6 18. Rab1 e6 19. Bxb6 Rxb6 20. Qxc4
Qa7 21. Qc8+ Bf8 22. Kh1 Ng4 23. dxe6 Rb8 24. exf7+ Kxf7 25. Qxg4 1-0

[Event "East Lansing (Class A/3/5)"]
[Site "?"]
[Date "1995.??.??"]
[Round "?"]
[White "Ford, William"]
[Black "Vandivier, Don"]
[Result "0-1"]
[WhiteElo "1820"]
[BlackElo "1950"]
[PlyCount "88"]
[EventDate "1995.??.??"]

{3/(5)} 1. d4 Nf6 2. Nf3 d5 3. e3 e6 4. Bd3 c5 5. Bb5+ Bd7 6. Bxd7+ Nbxd7 7.
O-O Be7 8. Qe2 O-O 9. b3 Qc7 10. Bb2 Rfc8 11. Rc1 c4 12. c3 Bd6 13. Nbd2 Ne4
14. g3 Ndf6 15. Nxe4 Nxe4 16. Nd2 Nxd2 17. Qxd2 b5 18. f4 a5 19. Qe2 a4 20.
bxa4 Rxa4 21. Rc2 Rca8 22. Bc1 b4 23. cxb4 Rxb4 24. Bd2 Rb5 25. Bc3 Rab8 26.
Kf2 Ba3 27. e4 dxe4 28. Qxe4 Qb7 29. Qxb7 R8xb7 30. Ke3 Kf8 31. h4 Ke7 32. Rd1
Kd6 33. Bd2 Kd5 34. Bc1 Be7 35. Bd2 Ba3 36. Bc1 Ra7 37. Rdd2 Bxc1 38. Rxc1 Ra3+
39. Kf2 c3 40. Rdc2 Rb2 41. Ke3 Rxc2 42. Rxc2 Kc4 43. g4 g6 44. Ke4 Ra5 0-1

[Event "East Lansing (Class A/4/5)"]
[Site "?"]
[Date "1995.??.??"]
[Round "?"]
[White "Ford, William"]
[Black "Skidmore, Mike"]
[Result "0-1"]
[WhiteElo "1820"]
[BlackElo "1945"]
[PlyCount "59"]
[EventDate "1995.??.??"]

{4/(5)} 1. e4 c6 2. d4 d5 3. Nc3 dxe4 4. Nxe4 Nd7 5. Nf3 Ndf6 6. Ng3 Bg4 7. Be2
e6 8. O-O Ne7 9. Bg5 Ng6 10. c4 Be7 11. Be3 Qc7 12. Qc2 Nf4 13. Bxf4 Qxf4 14.
Qb3 Qc7 15. Rfe1 O-O 16. Rad1 Rad8 17. h3 Bxf3 18. Bxf3 Rd7 19. d5 exd5 20.
cxd5 cxd5 21. Bxd5 Nxd5 22. Rxd5 Rxd5 23. Qxd5 Rd8 24. Qe4 Re8 25. Qa4 Qb8 26.
Nf5 b5 27. Qd4 Bf6 28. Rxe8+ Qxe8 29. Qb4 Qe5 30. Qd6 0-1

[Event "Detroit (WCO/3/10)"]
[Site "?"]
[Date "1995.??.??"]
[Round "?"]
[White "Ford, D."]
[Black "Zuniga, Jesus"]
[Result "0-1"]
[WhiteElo "1605"]
[BlackElo "1605"]
[PlyCount "130"]
[EventDate "1995.??.??"]

{3/(10)} 1. e4 e6 2. d4 d5 3. e5 c5 4. c4 cxd4 5. Qxd4 Nc6 6. Qd1 Nxe5 7. cxd5
Qxd5 8. Qxd5 exd5 9. Bf4 Bb4+ 10. Bd2 Bxd2+ 11. Nxd2 Nf6 12. Ngf3 Nxf3+ 13.
Nxf3 O-O 14. O-O-O Bg4 15. Be2 Rfe8 16. Rhe1 Re7 17. h3 Bxf3 18. Bxf3 Rae8 19.
Rxe7 Rxe7 20. Bxd5 Nxd5 21. Rxd5 g6 22. Kd2 Kg7 23. f4 Kf6 24. b4 Re4 25. g3
Rxb4 26. Ra5 a6 27. Kc3 Rb1 28. g4 Rh1 29. g5+ Kg7 30. Rd5 Rxh3+ 31. Kb4 b6 32.
Rd6 a5+ 33. Kb5 Ra3 34. Rd2 h5 35. gxh6+ Kxh6 36. Rh2+ Kg7 37. Kxb6 Ra4 38. Rf2
Kf6 39. Kb5 Ra3 40. Kc5 Kf5 41. Kd6 Ra4 42. Re2 Kxf4 43. Rf2+ Kg4 44. Rxf7 Rxa2
45. Kc5 g5 46. Kc4 Kh3 47. Kb3 Re2 48. Ka4 Re5 49. Kb3 Re4 50. Rf5 g4 51. Rxa5
g3 52. Rh5+ Rh4 53. Re5 g2 54. Re3+ Kh2 55. Re2 Kh1 56. Rxg2 Kxg2 57. Kc2 Rd4
58. Kc3 Rd8 59. Kb4 Rc8 60. Ka3 Rb8 61. Ka2 Kf2 62. Ka1 Ke2 63. Ka2 Kd3 64. Ka1
Kc2 65. Ka2 Ra8# 0-1

[Event "Detroit (WCO/5/9)"]
[Site "?"]
[Date "1995.??.??"]
[Round "?"]
[White "Ford, D."]
[Black "Martell, Raul"]
[Result "0-1"]
[WhiteElo "1605"]
[BlackElo "1605"]
[PlyCount "86"]
[EventDate "1995.??.??"]

{5/(9)} 1. e4 e6 2. d4 d5 3. e5 c5 4. c3 Nc6 5. Nf3 cxd4 6. cxd4 Qb6 7. a3 Nge7
8. b3 Bd7 9. Be2 Rc8 10. Bb2 Nf5 11. Nc3 Ncxd4 12. Nxd4 Nxd4 13. Nxd5 Nc2+ 14.
Qxc2 Qxf2+ 15. Kxf2 Rxc2 16. Bd4 exd5 17. Bxa7 Be7 18. Rhd1 Be6 19. Kf1 O-O 20.
Rac1 Rfc8 21. Be3 Bxa3 22. Ra1 Bc5 23. Bxc5 R2xc5 24. Ra7 R5c7 25. Rda1 g6 26.
Ra8 Kg7 27. Rxc8 Rxc8 28. Bf3 Rc3 29. Bd1 Bd7 30. Ra5 Bc6 31. Bf3 Re3 32. b4
Rxe5 33. b5 d4 34. bxc6 Rxa5 35. c7 Rc5 36. Bxb7 Rxc7 37. Be4 Rd7 38. Ke2 h5
39. h4 Kh6 40. Bc6 Rd6 41. Be8 Re6+ 42. Kd3 Rxe8 43. Kxd4 Kg7 0-1

[Event "Detroit (WCO/1/5)"]
[Site "?"]
[Date "1995.??.??"]
[Round "?"]
[White "Ford, D."]
[Black "Hater, David"]
[Result "0-1"]
[WhiteElo "1605"]
[BlackElo "1900"]
[PlyCount "84"]
[EventDate "1995.??.??"]

{1/(5)} 1. e4 e5 2. Nf3 Nc6 3. Bc4 Bc5 4. O-O Nf6 5. d3 h6 6. Nc3 d6 7. Bd2 Bg4
8. h3 Bh5 9. Na4 Nd4 10. c3 Nxf3+ 11. gxf3 Qd7 12. Kh2 Nh7 13. Nxc5 dxc5 14.
Rg1 f6 15. Rg3 Ng5 16. Bxg5 hxg5 17. Bd5 O-O-O 18. b4 c6 19. Bc4 b5 20. Bb3
Qxd3 21. Qxd3 Rxd3 22. Rc1 Bxf3 23. Be6+ Kc7 24. Bf5 cxb4 25. cxb4 Be2 26. Rxd3
Bxd3 27. Rd1 Rd8 28. Kg3 Rd4 29. Kf3 Bxe4+ 30. Ke2 Bxf5 31. Rxd4 exd4 32. Kf3
Kd6 33. a3 Kd5 34. Ke2 Kc4 35. f4 gxf4 36. Kf3 Kc3 37. Kxf4 Bxh3 38. Ke4 d3 39.
Ke3 d2 40. Ke2 Bg4+ 41. Ke3 d1=Q 42. Kf4 Qf3# 0-1

[Event "East Lansing (MOR/5/9)"]
[Site "?"]
[Date "1995.??.??"]
[Round "?"]
[White "Foote, Greg"]
[Black "Wright, Walter"]
[Result "0-1"]
[WhiteElo "1730"]
[BlackElo "1605"]
[PlyCount "88"]
[EventDate "1995.??.??"]

{5/(9)} 1. e4 c5 2. Nf3 Nc6 3. d4 cxd4 4. Nxd4 Qc7 5. Nb5 Qb8 6. N1c3 a6 7. Nd4
e6 8. Be2 Bc5 9. Nb3 Bb4 10. Bd2 Nf6 11. Bf3 Ne5 12. a3 Bd6 13. Qe2 b5 14. Bg5
Be7 15. Bf4 Bb7 16. O-O O-O 17. Na5 Nxf3+ 18. Qxf3 d6 19. Nxb7 Qxb7 20. Rfd1
Rfd8 21. Rd3 d5 22. exd5 Nxd5 23. Nxd5 Rxd5 24. Rxd5 Qxd5 25. Qxd5 exd5 26. Rd1
Bf6 27. c3 Rd8 28. Kf1 d4 29. cxd4 Rxd4 30. Rxd4 Bxd4 31. b3 f5 32. Ke2 Kf7 33.
Be3 Bxe3 34. Kxe3 Ke6 35. Kd4 Kd6 36. f4 h6 37. b4 g5 38. fxg5 hxg5 39. h3 f4
40. Ke4 Ke6 41. Kd4 Kf5 42. Kc5 g4 43. Kd4 g3 44. h4 f3 0-1

[Event "Grand Rapids (MI Am/4/17)"]
[Site "?"]
[Date "1995.??.??"]
[Round "?"]
[White "Foote, Greg"]
[Black "Waters, T."]
[Result "1-0"]
[WhiteElo "1725"]
[BlackElo "1605"]
[PlyCount "61"]
[EventDate "1995.??.??"]

{4/(17)} 1. e4 e5 2. Nf3 Nc6 3. Bb5 Nf6 4. O-O d6 5. d4 Bd7 6. Re1 a6 7. Bxc6
Bxc6 8. dxe5 dxe5 9. Qxd8+ Rxd8 10. Nxe5 Bxe4 11. f3 Bxc2 12. Ng6+ Kd7 13. Nxh8
Bc5+ 14. Be3 Re8 15. Kf2 Bb4 16. Nc3 Rxh8 17. Rac1 Bf5 18. Red1+ Kc8 19. g4 Be6
20. a3 Bd6 21. g5 Nh5 22. Ne4 Be5 23. Rd2 Rd8 24. Rdc2 Nf4 25. Nc5 Bf5 26. Rc4
Nd3+ 27. Nxd3 Bxd3 28. Rb4 Rd6 29. f4 a5 30. fxe5 axb4 31. exd6 1-0

[Event "East Lansing (Class B/2/1)"]
[Site "?"]
[Date "1995.??.??"]
[Round "?"]
[White "Foote, Greg"]
[Black "Thornton, Rome"]
[Result "1-0"]
[WhiteElo "1705"]
[BlackElo "1780"]
[PlyCount "119"]
[EventDate "1995.??.??"]

{2/(1)} 1. e4 c6 2. d4 d5 3. e5 Bf5 4. Be3 e6 5. Bd3 Bg6 6. f4 Nh6 7. Bxg6 hxg6
8. Nf3 Ng4 9. Qd3 Nxh2 10. Nxh2 Qh4+ 11. Bf2 Qxf4 12. Qe3 Qf5 13. Kd2 Be7 14.
Qf3 Qg5+ 15. Be3 Qh4 16. g3 Qh7 17. Nc3 f5 18. exf6 gxf6 19. Ng4 Qg7 20. Rxh8+
Qxh8 21. Rh1 Qg7 22. Qf4 Nd7 23. Qh6 Bf8 24. Qxg7 Bxg7 25. Rh7 Bf8 26. Bh6
O-O-O 27. Bxf8 Rxf8 28. Ne2 g5 29. Re7 f5 30. Ne5 Nf6 31. Rxe6 Ne4+ 32. Ke3 Rh8
33. Nf3 Rh3 34. Nfg1 f4+ 35. Kf3 Rh2 36. gxf4 gxf4 37. Kxf4 Kd7 38. Rg6 Rf2+
39. Ke3 Rf7 40. Nf3 Kc7 41. Ng5 Re7 42. Re6 Rxe6 43. Nxe6+ Kd6 44. N6f4 a5 45.
Nc3 Nf6 46. a4 b6 47. b3 c5 48. Nb5+ Kc6 49. Nd3 Nh5 50. Ne5+ Kb7 51. Nc3 Nf6
52. Ne2 Kc7 53. c3 Kd6 54. Ng3 Ke6 55. Nd3 Nd7 56. Nf4+ Kd6 57. Nf5+ Kc6 58.
Ne7+ Kd6 59. Nexd5 Kc6 60. Ne7+ 1-0

[Event "Grand Rapids (MI Am/1/22)"]
[Site "?"]
[Date "1995.??.??"]
[Round "?"]
[White "Foote, Greg"]
[Black "Jewett, Brandon"]
[Result "1-0"]
[WhiteElo "1725"]
[BlackElo "1605"]
[PlyCount "45"]
[EventDate "1995.??.??"]

{1/(22)} 1. e4 c5 2. Nf3 d6 3. d4 cxd4 4. Nxd4 Nf6 5. Nc3 Nc6 6. Bg5 e5 7. Ndb5
a6 8. Bxf6 gxf6 9. Na3 f5 10. Nc4 fxe4 11. Nd5 Be6 12. Ncb6 Rb8 13. Bc4 Bxd5
14. Nxd5 Qa5+ 15. c3 b5 16. Bb3 Nd4 17. Nf6+ Kd8 18. Qg4 Ke7 19. Qd7+ Kxf6 20.
Qxf7+ Kg5 21. h4+ Kh6 22. Qf6+ Kh5 23. Qg5# 1-0

[Event "East Lansing (MOR/3/6)"]
[Site "?"]
[Date "1995.??.??"]
[Round "?"]
[White "Foote, Greg"]
[Black "James, Larry"]
[Result "1-0"]
[WhiteElo "1730"]
[BlackElo "1615"]
[PlyCount "81"]
[EventDate "1995.??.??"]

{3/(6)} 1. e4 c5 2. Nf3 d6 3. d4 cxd4 4. Nxd4 Nf6 5. Nc3 a6 6. f4 e6 7. Bd3 Be7
8. O-O Qc7 9. Qf3 Nbd7 10. Qg3 O-O 11. Nf3 e5 12. fxe5 dxe5 13. Kh1 b5 14. Ng5
Nc5 15. Be2 Bb7 16. Bf3 Rad8 17. Be3 b4 18. Nd5 Nxd5 19. exd5 Bxd5 20. Rae1
Bxf3 21. Qxf3 Bxg5 22. Bxg5 f6 23. Be3 Ne6 24. Qf2 Nd4 25. Rd1 Qxc2 26. Bxd4
Rc8 27. Be3 b3 28. Rd2 Qc4 29. axb3 Qxb3 30. Rfd1 Rc6 31. Rd3 Qe6 32. h3 f5 33.
Bc5 Re8 34. Rd7 f4 35. Bb4 Qg6 36. Bc3 Rce6 37. Qf3 R6e7 38. Qd5+ Kh8 39. Rxe7
Rxe7 40. Qa8+ Re8 41. Rd8 1-0

[Event "East Lansing (MOR/1b/7)"]
[Site "?"]
[Date "1995.??.??"]
[Round "?"]
[White "Foote, Greg"]
[Black "Gramlich, Allen"]
[Result "1-0"]
[WhiteElo "1730"]
[BlackElo "1605"]
[PlyCount "67"]
[EventDate "1995.??.??"]

1. e4 c5 2. Nf3 Nc6 3. d4 cxd4 4. Nxd4 g6 5. c4 Bg7 6. Be3 Nf6 7. Nc3 Qa5 8.
Nb3 Qe5 9. f4 Qc7 10. e5 Nxe5 11. fxe5 Qxe5 12. Qd4 Ng4 13. Qxe5 Bxe5 14. Bd4
Bxd4 15. Nxd4 e5 16. Ndb5 O-O 17. Be2 Ne3 18. Kf2 Nf5 19. g4 Nh6 20. Nd5 f5 21.
g5 Ng4+ 22. Bxg4 fxg4+ 23. Nf6+ Kg7 24. Kg3 a5 25. Rad1 h5 26. Rhe1 Ra6 27. Nd6
Rc6 28. Rxe5 h4+ 29. Kxh4 Rh8+ 30. Kg3 Rh3+ 31. Kg2 Rb6 32. Re7+ Kh8 33. Re8+
Kg7 34. Rg8# 1-0

[Event "East Lansing (Class B/4/3)"]
[Site "?"]
[Date "1995.??.??"]
[Round "?"]
[White "Foote, Greg"]
[Black "Foord, Allan"]
[Result "1/2-1/2"]
[WhiteElo "1705"]
[BlackElo "1665"]
[PlyCount "81"]
[EventDate "1995.??.??"]

{4/(3)} 1. e4 c5 2. Nf3 d6 3. d4 cxd4 4. Nxd4 Nf6 5. Nc3 a6 6. Bc4 e6 7. O-O
Be7 8. a4 Qc7 9. Bb3 O-O 10. f4 Nc6 11. Nf3 Qb6+ 12. Kh1 Ng4 13. Qe1 Nd4 14.
Nxd4 Qxd4 15. Qg3 Nf6 16. Be3 Qb4 17. e5 dxe5 18. fxe5 Ne4 19. Nxe4 Qxe4 20.
Rae1 Bh4 21. Bc5 Qxe1 22. Qxe1 Bxe1 23. Bxf8 Kxf8 24. Rxe1 b5 25. Rd1 Ke7 26.
Kg1 Bb7 27. Kf2 Rc8 28. c3 Rc5 29. Re1 Bd5 30. Bxd5 Rxd5 31. axb5 axb5 32. Re2
Kd7 33. Kf3 Kc6 34. Ke4 Kc5 35. b3 Rd1 36. Rf2 Rd7 37. Rf3 h5 38. Rg3 g6 39. h4
Kc6 40. Rf3 Kc5 41. g3 1/2-1/2

[Event "East Lansing (MI Op/4/15)"]
[Site "?"]
[Date "1995.??.??"]
[Round "?"]
[White "Foote, F."]
[Black "Walker, Douglas"]
[Result "0-1"]
[WhiteElo "2045"]
[BlackElo "1885"]
[PlyCount "60"]
[EventDate "1995.??.??"]

{4/(15)} 1. c4 Nf6 2. g3 g6 3. Bg2 Bg7 4. Nc3 O-O 5. d4 d6 6. Nf3 c6 7. e4 Bg4
8. Be3 Nbd7 9. h3 Bxf3 10. Bxf3 Rc8 11. Qd2 a6 12. Kf1 e5 13. d5 cxd5 14. cxd5
b5 15. Bh6 Rc4 16. Re1 Qc7 17. a3 Nc5 18. h4 Bxh6 19. Qxh6 Nd3 20. Rb1 Qb6 21.
Rh2 Nxb2 22. Ne2 Rc2 23. h5 Nc4 24. hxg6 fxg6 25. Kg2 Rf7 26. g4 Nxe4 27. Bxe4
Rxe2 28. Kg3 Rxe4 29. Rbh1 Ref4 30. g5 Rf3+ 0-1

[Event "East Lansing (MI Op/7/9)"]
[Site "?"]
[Date "1995.??.??"]
[Round "?"]
[White "Foote, F."]
[Black "Kamberi, Sonny"]
[Result "0-1"]
[WhiteElo "2045"]
[BlackElo "2160"]
[PlyCount "73"]
[EventDate "1995.??.??"]

{7/(9)} 1. d4 d5 2. Nf3 Nf6 3. c4 e6 4. Bg5 h6 5. Bh4 Bb4+ 6. Nc3 g5 7. Bg3
dxc4 8. e3 b5 9. Be2 Bb7 10. O-O Bxc3 11. bxc3 Ne4 12. Qc2 Nxg3 13. fxg3 Nd7
14. Rf2 O-O 15. Ne5 f5 16. Nxd7 Qxd7 17. Bf3 Bxf3 18. Rxf3 Kg7 19. Raf1 Rf7 20.
e4 Raf8 21. e5 c5 22. dxc5 Qd5 23. Qe2 Qxc5+ 24. Kh1 a5 25. Rd1 b4 26. Rd4 Rc7
27. Rf1 Rb8 28. Rfd1 b3 29. Rd7+ Rxd7 30. Rxd7+ Kg6 31. h4 g4 32. axb3 cxb3 33.
Qa6 Qb6 34. Qf1 b2 35. Qb1 Qe3 36. h5+ Kxh5 37. Rd1 $138 0-1

[Event "East Lansing (MI Op/2/1)"]
[Site "?"]
[Date "1995.??.??"]
[Round "?"]
[White "Foote, F."]
[Black "Finegold, Ben"]
[Result "0-1"]
[WhiteElo "2045"]
[BlackElo "2605"]
[PlyCount "62"]
[EventDate "1995.??.??"]

{2/(1)} 1. Nf3 c5 2. c4 Nf6 3. g3 g6 4. Bg2 Bg7 5. O-O O-O 6. Nc3 Nc6 7. d4
cxd4 8. Nxd4 Ng4 9. e3 d6 10. Nxc6 bxc6 11. Bxc6 Rb8 12. Qd2 Ne5 13. Bd5 Bh3
14. Re1 e6 15. f4 exd5 16. fxe5 dxc4 17. exd6 Rb6 18. Qe2 Qxd6 19. e4 Qd3 20.
Qxd3 cxd3 21. Rd1 f5 22. e5 Rd8 23. Bg5 Rd7 24. Rd2 Bxe5 25. Be3 Rc6 26. Nd1
Rc2 27. Nf2 Rxd2 28. Bxd2 Bxb2 29. Rd1 Bd4 30. Be1 Re7 31. Kh1 d2 0-1

[Event "East Lansing (MI Op/6/13)"]
[Site "?"]
[Date "1995.??.??"]
[Round "?"]
[White "Foote, F."]
[Black "Calton, David A"]
[Result "1-0"]
[WhiteElo "2045"]
[BlackElo "1900"]
[PlyCount "63"]
[EventDate "1995.??.??"]

{6/(13)} 1. Nf3 d6 2. d4 g6 3. e4 Bg7 4. Bc4 Nc6 5. O-O e5 6. dxe5 Nxe5 7. Nxe5
Bxe5 8. f4 Bg7 9. Nc3 Ne7 10. Be3 Be6 11. Qd3 Bxc4 12. Qxc4 f5 13. Rfe1 fxe4
14. Bd4 Bxd4+ 15. Qxd4 O-O 16. Qxe4 Nf5 17. Re2 Qd7 18. Qxb7 Rab8 19. Qd5+ Kg7
20. Rae1 Rf7 21. b3 Rb4 22. Re4 Rxe4 23. Rxe4 Re7 24. h3 c6 25. Qd3 d5 26. Re5
Rxe5 27. fxe5 d4 28. Ne4 Qd5 29. g4 Nh4 30. e6 c5 31. e7 Kf7 32. e8=Q+ 1-0